Ελληνικοί θησαυροί στην οικουμένη = Hellenic treasures around the world
Αποθηκεύτηκε σε:
| Κύριος συγγραφέας: | |
|---|---|
| Άλλοι συγγραφείς: | |
| Μορφή: | Βιβλίο |
| Γλώσσα: | Greek English Arabic Chinese |
| Δημοσίευση: |
Αθήνα :
Ελληνική Εθνική Γραμμή, Οικουμενικός Ελληνισμός,
2007.
|
| Θέματα: | |
| Ετικέτες: |
Προσθήκη ετικέτας
Δεν υπάρχουν, Καταχωρήστε ετικέτα πρώτοι!
|
MARC
| LEADER | 00000cam a2200000 i 4500 | ||
|---|---|---|---|
| 001 | 1/26763 | ||
| 008 | 130227s2007####gr | | ||| |||| ||gre|| | ||
| 020 | |a 978-960-85209-9-8 | ||
| 035 | |l 10113890 | ||
| 040 | |a GR-MY-UA |b gre |e aacr | ||
| 041 | 0 | |a gre |a eng |a ara |a chi | |
| 082 | 0 | |a 733 |2 (22) | |
| 245 | 1 | 0 | |a Ελληνικοί θησαυροί στην οικουμένη = |b Hellenic treasures around the world / |c [γενική επιμέλεια: καθηγητής Αθανάσιος Αγγελόπουλος] ; [συγγραφή κειμένων: Ξένη Αραπογιάννη] ; [επιμέλεια: Γεωργία Μίχα]. |
| 246 | 1 | |i Παράλληλος τίτλος: |a Hellenic treasures around the world | |
| 260 | |a Αθήνα : |b Ελληνική Εθνική Γραμμή, |b Οικουμενικός Ελληνισμός, |c 2007. | ||
| 300 | |a 238 σ.; |b εικ.; |c 28 εκ. | ||
| 500 | |a Πολύγλωσσο κείμενο. | ||
| 650 | 0 | 0 | |a Civilization, Ancient |z Greece. |
| 650 | 0 | 0 | |a Sculpture, Greek. |
| 650 | 0 | 0 | |a Art, Classical |z Greece |x Catalogs. |
| 700 | 1 | |a Αγγελόπουλος, Αθανάσιος Αν., |d 1940- |4 edt | |
| 700 | 1 | |a Αραπογιάννη, Ξένη. |4 aut | |
| 852 | |a INST |b LEMNOS |e 20130227 |h 733.3 ΕΛΛ |p 005600000728 |q 005600000728 |t BK |y 0 | ||
| 852 | |a INST |b LESVOS |e 20141022 |h 733 ΕΛΛ |p 005100055886 |q 005100055886 |t BK |y 0 | ||
| 901 | |a BIBL6-2013-1 | ||
| 901 | |a BIBL1-2014-3 | ||
| 909 | |a Μ |b 152540 | ||
| 909 | |a Λ |b 152547 | ||
| 970 | |a ΤΣΟΥΚΑΛΑ |b ΑΛΙΚΗ |z 2013/02/25 | ||